| 000 | 01161cam a22003017a 4500 | ||
|---|---|---|---|
| 001 | 15503193 | ||
| 005 | 20200421093826.0 | ||
| 008 | 081029s2008 caua 001 0 eng d | ||
| 010 | _a 2008940582 | ||
| 020 | _a9780979958717 (pbk.) | ||
| 020 | _a0979958717 (pbk.) | ||
| 035 | _a(OCoLC)ocn297178138 | ||
| 040 |
_aVYR _cVYR _dIXA _dYDXCP _dPRK _dBLV _dDEBBG _dDLC |
||
| 042 | _alccopycat | ||
| 050 | 0 | 0 |
_aTK5105.59 _b.L96 2008 |
| 084 |
_aST 230 _2rvk |
||
| 100 | 1 |
_aLyon, Gordon Fyodor. _91424 |
|
| 245 | 1 | 0 |
_aNmap network scanning : _bofficial Nmap project guide to network discovery and security scanning / _cGordon "Fyodor" Lyon. |
| 250 | _a1st ed. | ||
| 260 |
_aSunnyvale, CA : _bInsecure.Com, LLC, _cc2008. |
||
| 300 |
_axxix, 434 p. : _bill. ; _c25 cm. |
||
| 500 | _aIncludes index. | ||
| 650 | 0 |
_aComputer networks _xSecurity measures _xComputer programs. _91425 |
|
| 650 | 0 |
_aComputer networks _xMonitoring _xComputer programs. |
|
| 906 |
_a7 _bcbc _ccopycat _d2 _encip _f20 _gy-gencatlg |
||
| 942 |
_2ddc _cBK |
||
| 999 |
_c295 _d295 |
||